[Event "Wch Seniors 19th"]
[Site "Condino"]
[Date "2009.11.04"]
[Round "8"]
[White "Profaizer, Gino"]
[Black "Quagliarella, Sabino Remo"]
[Result "1-0"]
[WhiteElo "2068"]
[BlackElo "1915"]
[PlyCount "109"]
[EventDate "2009.10.27"]
[EventType "swiss"]
[EventRounds "11"]
[EventCountry "ITA"]
[SourceTitle "EXT 2010"]
[Source "ChessBase"]
[SourceDate "2010.11.25"]
[SourceVersion "1"]
[SourceVersionDate "2010.11.25"]
[SourceQuality "1"]

1. d4 d5 2. c4 e6 3. cxd5 exd5 4. Nc3 Nf6 5. Bg5 Be7 6. e3 c6 7. Bd3 Nbd7 8. Nf3 h6 9. Bf4 0-0 10. h3 Re8 11. 0-0 Nf8 12. Rb1 Be6 13. b4 Bd6 14. Bxd6 Qxd6 15. a4 Rac8 16. a5 N8d7 17. Qb3 Ne4 18. Rfc1 Qe7 19. Qc2 Nxc3 20. Qxc3 Qf6 21. Nd2 Bf5 22. Nb3 Qg6 23. Bxf5 Qxf5 24. Nc5 Nxc5 25. bxc5 Rc7 26. Rb4 Re6 27. Rcb1 Rg6 28. Qe1 Qxh3 29. Qf1 Qd7 30. a6 bxa6 31. Qxa6 Kh7 32. Rb7 Qf5 33. Qf1 Rxb7 34. Rxb7 h5 35. Rxa7 h4 36. Kh2 Rf6 37. Ra2 g5 38. Qe2 Kh6 39. f3 Qc8 40. Qf2 Kh5 41. Qe1 Qb8+ 42. Kg1 Re6 43. Re2 f5 44. e4 Qf4 45. exf5 Rxe2 46. Qxe2 Qxd4+ 47. Kh1 Qa1+ 48. Kh2 Qa8 49. Qe6 Qb8+ 50. Qd6 Qe8 51. Kh3 Qg8 52. g4+ hxg3 53. Kxg3 Qe8 54. Kf2 Qf7 55. Qh2# 1-0

[Event "Wch Seniors 19th"]
[Site "Condino"]
[Date "2009.11.03"]
[Round "7"]
[White "Kverndal, Leif"]
[Black "Profaizer, Gino"]
[Result "1/2-1/2"]
[WhiteElo "1948"]
[BlackElo "2068"]
[PlyCount "68"]
[EventDate "2009.10.27"]
[EventType "swiss"]
[EventRounds "11"]
[EventCountry "ITA"]
[SourceTitle "EXT 2010"]
[Source "ChessBase"]
[SourceDate "2010.11.25"]
[SourceVersion "1"]
[SourceVersionDate "2010.11.25"]
[SourceQuality "1"]

1. d4 d5 2. Nf3 Nf6 3. g3 Bf5 4. Bg2 e6 5. 0-0 Bd6 6. c4 c6 7. Nc3 Nbd7 8. Nh4 Bg4 9. f3 Bh5 10. cxd5 cxd5 11. Qb3 Qb6 12. Qxb6 Nxb6 13. e4 dxe4 14. fxe4 Be7 15. e5 Nfd5 16. Nxd5 Nxd5 17. Bxd5 exd5 18. Nf5 Rg8 19. Bd2 Rc8 20. Rac1 Kd7 21. Rxc8 Rxc8 22. Nxg7 Rc2 23. Bc3 Bg6 24. h4 h5 25. Nf5 Ke6 26. Ne3 Re2 27. Ng2 Rc2 28. Nf4+ Kd7 29. Nxd5 Bf8 30. Nf4 Be4 31. Re1 Bf3 32. Rf1 Be4 33. Re1 Bf3 34. Rf1 Be4 1/2-1/2

[Event "Wch Seniors 19th"]
[Site "Condino"]
[Date "2009.10.29"]
[Round "3"]
[White "Boehnisch, Manfred"]
[Black "Profaizer, Gino"]
[Result "1-0"]
[WhiteElo "2366"]
[BlackElo "2068"]
[PlyCount "81"]
[EventDate "2009.10.27"]
[EventType "swiss"]
[EventRounds "11"]
[EventCountry "ITA"]
[SourceTitle "EXT 2010"]
[Source "ChessBase"]
[SourceDate "2010.11.25"]
[SourceVersion "1"]
[SourceVersionDate "2010.11.25"]
[SourceQuality "1"]

1. e4 c6 2. Nf3 d5 3. Nc3 Bg4 4. h3 Bh5 5. exd5 cxd5 6. g4 Bg6 7. Ne5 Nc6 8. Nxg6 hxg6 9. Bg2 e6 10. b3 Be7 11. Bb2 Bf6 12. Qe2 Nge7 13. 0-0-0 g5 14. h4 Rxh4 15. Rxh4 gxh4 16. f4 Qa5 17. Kb1 0-0-0 18. g5 Bd4 19. Qg4 g6 20. Qxh4 Rh8 21. Qg4 Nf5 22. Rh1 Qd8 23. Rxh8 Qxh8 24. Qh3 Qh4 25. Qxh4 Nxh4 26. Bh3 Kd7 27. Nxd5 Bxb2 28. Kxb2 Kd6 29. Ne3 e5 30. Nc4+ Kd5 31. Bc8 exf4 32. Bxb7 Kc5 33. c3 f3 34. d4+ Nxd4 35. cxd4+ Kxd4 36. Kc2 f2 37. Nd2 Ke3 38. Bd5 Kf4 39. Kd3 Kxg5 40. Bxf7 Kf4 41. Ke2 1-0

[Event "Wch Seniors 17th"]
[Site "Gmunden"]
[Date "2007.09.17"]
[Round "1"]
[White "Profaizer, Gino"]
[Black "Tseshkovsky, Vitaly"]
[Result "0-1"]
[WhiteElo "2073"]
[BlackElo "2513"]
[PlyCount "38"]
[EventDate "2007.09.17"]
[EventType "swiss"]
[EventRounds "11"]
[EventCountry "AUT"]
[SourceTitle "CBM 120 Extra"]
[Source "ChessBase"]
[SourceDate "2007.11.01"]
[SourceVersion "1"]
[SourceVersionDate "2007.11.01"]
[SourceQuality "1"]

1. d4 d6 2. c4 e5 3. d5 f5 4. Nc3 Nf6 5. Bg5 Be7 6. e3 Nxd5 7. Nxd5 Bxg5 8. h4 Be7 9. Nf3 c6 10. Nc3 Nd7 11. Qc2 Nf6 12. 0-0-0 Qa5 13. Nd2 0-0 14. Nb3 Qc7 15. h5 Be6 16. Kb1 Rac8 17. f3 d5 18. c5 Nd7 19. Ne2 a5 0-1

[Event "Wch Seniors 16th"]
[Site "Arvier"]
[Date "2006.09.16"]
[Round "6"]
[White "Ofstad, Per"]
[Black "Profaizer, Gino"]
[Result "1-0"]
[WhiteElo "2151"]
[BlackElo "2060"]
[PlyCount "59"]
[EventDate "2006.09.11"]
[EventType "swiss"]
[EventRounds "11"]
[EventCountry "ITA"]
[SourceTitle "CBM 114 Extra"]
[Source "ChessBase"]
[SourceDate "2006.11.03"]
[SourceVersion "1"]
[SourceVersionDate "2006.11.03"]
[SourceQuality "1"]

1. Nf3 d5 2. d4 Nf6 3. Bf4 Bf5 4. e3 e6 5. c3 c6 6. Nbd2 Nbd7 7. h3 h6 8. Ne5 Nxe5 9. Bxe5 Be7 10. Be2 0-0 11. 0-0 Nd7 12. Bh2 c5 13. Re1 Rc8 14. Bf3 Bd3 15. dxc5 Nxc5 16. e4 d4 17. Be5 dxc3 18. Bxc3 Qd7 19. Nb3 Na4 20. Nd4 Nxc3 21. Qxd3 e5 22. bxc3 exd4 23. Bg4 f5 24. Bxf5 Rxf5 25. exf5 Rxc3 26. Qe2 d3 27. Rad1 Bg5 28. h4 dxe2 29. Rxd7 Rc1 30. Rxc1 1-0

[Event "Wch Seniors 15th"]
[Site "Lignano Sabbiadoro"]
[Date "2005.10.04"]
[Round "7"]
[White "Akopian, Gagik"]
[Black "Profaizer, Gino"]
[Result "1-0"]
[WhiteElo "2258"]
[BlackElo "2017"]
[PlyCount "67"]
[EventDate "2005.09.28"]
[EventType "swiss"]
[EventRounds "11"]
[EventCountry "ITA"]
[SourceTitle "CBM 108 Extra"]
[Source "ChessBase"]
[SourceDate "2005.11.04"]
[SourceVersion "1"]
[SourceVersionDate "2005.11.04"]
[SourceQuality "1"]

1. d4 d5 2. c4 e6 3. Nc3 Nf6 4. cxd5 exd5 5. Bg5 Be7 6. e3 0-0 7. Qc2 Nbd7 8. Bd3 Re8 9. Nf3 h6 10. Bh4 c6 11. 0-0 Ne4 12. Bxe7 Qxe7 13. Nd2 Nxd2 14. Qxd2 Qg5 15. Rae1 f5 16. b4 Nf6 17. f3 Bd7 18. Qf2 h5 19. Qg3 Qh6 20. Qf2 h4 21. Re2 Re7 22. e4 Rae8 23. e5 Nh5 24. f4 h3 25. Qh4 hxg2 26. Rxg2 g6 27. Be2 Kh7 28. Rf3 Kh8 29. Rh3 Rh7 30. Rg5 Rg8 31. Bxh5 gxh5 32. Rxg8+ Kxg8 33. Qd8+ Qf8 34. Rg3+ 1-0

[Event "EU-ch Seniors 05th"]
[Site "Bad Homburg"]
[Date "2005.??.??"]
[Round "8"]
[White "Profaizer, Gino"]
[Black "Kempen, Willi"]
[Result "0-1"]
[WhiteElo "2017"]
[BlackElo "2150"]
[PlyCount "70"]
[EventDate "2005.06.25"]
[EventType "swiss"]
[EventRounds "9"]
[EventCountry "GER"]
[SourceTitle "EXT 2006"]
[Source "ChessBase"]
[SourceDate "2005.11.24"]
[SourceVersion "1"]
[SourceVersionDate "2005.11.24"]
[SourceQuality "1"]

1. d4 d5 2. c4 e6 3. cxd5 exd5 4. Nc3 Nf6 5. Bf4 Nbd7 6. e3 c6 7. Bd3 Be7 8. h3 Nf8 9. Nf3 Ng6 10. Bh2 0-0 11. 0-0 Re8 12. Ne5 Bd6 13. f4 Qb6 14. Na4 Qd8 15. Rc1 Ne4 16. Bxe4 dxe4 17. Nc5 Nxe5 18. fxe5 Bxc5 19. Rxc5 Be6 20. Qc2 Bd5 21. b4 Re6 22. Qf2 Qe7 23. a3 Rf8 24. Bf4 g5 25. Bg3 f5 26. Qe2 Rg6 27. Rf2 a6 28. a4 b6 29. Rc1 Qxb4 30. Qxa6 f4 31. exf4 e3 32. Re2 gxf4 33. Bh4 Qxd4 34. Be1 f3 35. Bc3 f2+ 0-1

[Event "EU-ch Seniors 04th"]
[Site "Arvier"]
[Date "2004.09.14"]
[Round "5"]
[White "Gardi, Giuseppe"]
[Black "Profaizer, Gino"]
[Result "1-0"]
[WhiteElo "2061"]
[BlackElo "1990"]
[PlyCount "31"]
[EventDate "2004.09.10"]
[EventType "swiss"]
[EventRounds "9"]
[EventCountry "ITA"]
[SourceTitle "CBM 102 Extra"]
[Source "ChessBase"]
[SourceDate "2004.11.03"]
[SourceVersion "1"]
[SourceVersionDate "2004.11.03"]
[SourceQuality "1"]

1. d4 d5 2. Nf3 Nf6 3. Bf4 Bf5 4. e3 e6 5. c4 Bxb1 6. Rxb1 Bb4+ 7. Ke2 0-0 8. c5 c6 9. Qb3 Na6 10. Bd6 Ne4 11. Bxf8 Kxf8 12. a3 Qa5 13. Rd1 b6 14. axb4 Nxb4 15. Nd2 Nf6 16. Qa3 1-0